| 000 | 00000nam##2200000za#4500 |
| 001 | 9.648487 |
| 003 | CaOODSP |
| 005 | 20210615113123 |
| 007 | ta |
| 008 | 150407|2002||||xxc||||| f|0| 0 eng|d |
| 020 | |a0-662-66396-9 |
| 040 | |aCaOODSP|beng |
| 043 | |an-cn--- |
| 086 | 1 |aA22-242/2002E |
| 110 | 1 |aCanada. |bAgriculture and Agri-Food Canada. |
| 245 | 10|aPutting Canada first: an architecture for agricultural policy in the 21st century |
| 260 | |aOttawa - Ontario : |bAgriculture and Agri-Food Canada |c2002. |
| 500 | |aIncludes 12 pamphlets. N.B.: Incorrect catalogue number (A22-242/2002) printed in this publication. |
| 563 | |aKit |
| 590 | |a02-25|b2002-06-21 |
| 775 | 08|tLe Canada en tête - Un cadre pour la politique agricole au XXIe siècle |w(CaOODSP)9.681877 |